| 000 | 00461nam a2200157Ia 4500 | ||
|---|---|---|---|
| 005 | 20240823065910.0 | ||
| 008 | 240823s9999||||xx |||||||||||||| ||und|| | ||
| 041 | _aENGLISH | ||
| 082 | _A624.177 Q9 | ||
| 100 | _a"Judson Durai,T" | ||
| 245 | 0 | _aSynthesis and Hydroxyapatite Reinforced Magnesium Metal Matrix Composite by Powder Metallurgy for Bio-Medical Applications | |
| 260 | _c2019 | ||
| 500 | _aYES | ||
| 650 |
_aMetallurgy _bMechanical |
||
| 942 | _cTH | ||
| 999 |
_c244465 _d244465 |
||